Online
Catalog

Obras completas / (Record no. 25771)

MARC details
000 -CABECERA
campo de control de longitud fija 01951cam a2200409 a 4500
001 - NÚMERO DE CONTROL
campo de control 000026279
003 - IDENTIFICADOR DEL NÚMERO DE CONTROL
campo de control DO-SdBNP
005 - FECHA Y HORA DE LA ÚLTIMA TRANSACCIÓN
campo de control 20251030120328.0
008 - DATOS DE LONGITUD FIJA--INFORMACIÓN GENERAL
campo de control de longitud fija 840222s1981 ve a 000 m spa d
035 ## - NÚMERO DE CONTROL DEL SISTEMA
Número de control de sistema (DLC) 54024132
040 ## - FUENTE DE LA CATALOGACIÓN
Centro catalogador/agencia de origen DO-SdBNP
Lengua de catalogación spa
Centro/agencia transcriptor BNPHU
Centro/agencia modificador DLC
082 #4 - NÚMERO DE LA CLASIFICACIÓN DECIMAL DEWEY
Número de clasificación V868.2
Número de documento/Ítem B446ób, 1981
Número de edición 22
100 1# - ENTRADA PRINCIPAL--NOMBRE DE PERSONA
Nombre de persona Bello, Andrés,
Fechas asociadas al nombre 1781-1865
9 (RLIN) 22352
245 10 - MENCIÓN DE TÍTULO
Título Obras completas /
Mención de responsabilidad, etc. Andrés Bello.
250 ## - MENCIÓN DE EDICIÓN
Mención de edición 2a ed. facsím.
260 ## - PUBLICACIÓN, DISTRIBUCIÓN, ETC.
Lugar de publicación, distribución, etc. Caracas :
Nombre del editor, distribuidor, etc. Fundación La casa de Bello,
Fecha de publicación, distribución, etc. 1981.
300 ## - DESCRIPCIÓN FÍSICA
Extensión v. :
Otras características físicas il. ;
Dimensiones 23 cm.
500 ## - NOTA GENERAL
Nota general La biblioteca posee los volúmenes: 11 tomo 2, 14 tomo 1, 15 tomo 2, 17, 20 y 24.
504 ## - NOTA DE BIBLIOGRAFÍA, ETC.
Nota de bibliografía, etc. Incluye referencias bibliográficas y notas al pie de las páginas.
505 0# - NOTA DE CONTENIDO CON FORMATO
Información miscelánea v. 11. t.2.
Título Derecho internacional: temas de política internacional.
505 0# - NOTA DE CONTENIDO CON FORMATO
Información miscelánea Vol. 14. t.1.
Título Código civil de la República de Chile /
Mención de responsabilidad introducción y notas de Pedro Lira Urquieta.
505 0# - NOTA DE CONTENIDO CON FORMATO
Nota de contenido con formato Vol. 15. t. 2.
Título Código civil de la República de Chile /
Mención de responsabilidad introducción y notas de Pedro Lira Urquieta.
505 0# - NOTA DE CONTENIDO CON FORMATO
Nota de contenido con formato Vol. 17.
Título Derecho romano /
Mención de responsabilidad introducción de Hessel E. Yntema.
505 0# - NOTA DE CONTENIDO CON FORMATO
Nota de contenido con formato Vol. 20.
Título Labor en el senado de Chile: discursos y escritos /
Mención de responsabilidad recopilación, prólogo y notas de Ricardo Donoso.
505 0# - NOTA DE CONTENIDO CON FORMATO
Nota de contenido con formato Vol. 24.
Título Cosmografía y otros escritos de divulgación científica /
Mención de responsabilidad prólogo y notas por F. J. Duarte.
533 ## - NOTA DE REPRODUCCIÓN
Tipo de reproducción Segunda edición facsimilar de 1981.
600 10 - PUNTO DE ACCESO ADICIONAL DE MATERIA--NOMBRE DE PERSONA
Nombre de persona Bello, Ándrés
Fechas asociadas al nombre 1781-1865,
Subdivisión general Crítica e interpretación
9 (RLIN) 23708
650 #4 - PUNTO DE ACCESO ADICIONAL DE MATERIA--TÉRMINO DE MATERIA
Término de materia o nombre geográfico como elemento de entrada Crítica literaria
Subdivisión general Historia
9 (RLIN) 25623
650 #4 - PUNTO DE ACCESO ADICIONAL DE MATERIA--TÉRMINO DE MATERIA
Término de materia o nombre geográfico como elemento de entrada Literatura venezolana
Subdivisión general Historia y crítica
9 (RLIN) 8073
650 #4 - PUNTO DE ACCESO ADICIONAL DE MATERIA--TÉRMINO DE MATERIA
Término de materia o nombre geográfico como elemento de entrada Género (gramática)
9 (RLIN) 25624
650 #4 - PUNTO DE ACCESO ADICIONAL DE MATERIA--TÉRMINO DE MATERIA
Término de materia o nombre geográfico como elemento de entrada Derecho internacional
9 (RLIN) 3258
650 #4 - PUNTO DE ACCESO ADICIONAL DE MATERIA--TÉRMINO DE MATERIA
Término de materia o nombre geográfico como elemento de entrada Derecho civil
Subdivisión general Colecciones de escritos
9 (RLIN) 25625
650 #4 - PUNTO DE ACCESO ADICIONAL DE MATERIA--TÉRMINO DE MATERIA
Término de materia o nombre geográfico como elemento de entrada Derecho civil
Subdivisión general Legislación
9 (RLIN) 9313
651 #0 - PUNTO DE ACCESO ADICIONAL DE MATERIA--NOMBRE GEOGRÁFICO
Nombre geográfico Venezuela
Subdivisión general Política y gobierno
9 (RLIN) 26230
651 #4 - PUNTO DE ACCESO ADICIONAL DE MATERIA--NOMBRE GEOGRÁFICO
Nombre geográfico Chile
Subdivisión general Política y gobierno
9 (RLIN) 25626
942 ## - ELEMENTOS DE PUNTO DE ACCESO ADICIONAL (KOHA)
Fuente del sistema de clasificación o colocación Dewey Decimal Classification
Tipo de ítem Koha Libro
Holdings
Estado de retiro Estado de pérdida Restricciones de uso No para préstamo Código de colección Localización permanente Ubicación/localización actual Ubicación en estantería Fecha de adquisición Número de inventario Total de préstamos Signatura topográfica completa Código de barras Fecha visto por última vez Precio válido a partir de Tipo de ítem Koha
        Monografías: Libros y Folletos General General Depósito 09.03.2011 LF1   V868.2 B446ób, 1981 | v.11. t.2 26279-10 25.06.2020 25.06.2020 Préstamo en sala
        Monografías: Libros y Folletos General General Depósito 09.03.2011 LF1   V868.2 B446ób, 1981 | v.14. t.1 26279-20 25.06.2020 25.06.2020 Préstamo en sala
        Monografías: Libros y Folletos General General Depósito 09.03.2011 LF1   V868.2 B446ób, 1981 | v.15. t.2 26279-30 25.06.2020 25.06.2020 Préstamo en sala
        Monografías: Libros y Folletos General General Depósito 09.03.2011 LF1   V868.2 B446ób, 1981 | v.17 26279-40 25.06.2020 25.06.2020 Préstamo en sala
        Monografías: Libros y Folletos General General Depósito 09.03.2011 LF1   V868.2 B446ób, 1981 | v.20 26279-50 25.06.2020 25.06.2020 Préstamo en sala
        Monografías: Libros y Folletos General General Depósito 09.03.2011 LF1   V868.2 B446ób, 1981 | v.24 26279-60 25.06.2020 25.06.2020 Préstamo en sala

Powered by Koha